00700nam a2200205 a 450000100100000000500170001000800410002702000150006804000250008308200190010810000330012724500380016026000420019830000210024065000300026165000320029191000370032395201170036099900170047700002706020240529124643.0110329s2006 bl 000 f spa d a857709006X aDO-SdBNPbspacBNPHU aB863. 5bV931m1 aVolpe, Marcelo Lataro95414510aMinimini /cMarcelo Lataro Volpe. aDiadema, Sao Paulo :bGermape,c2006. a195 p. ;c21 cm. 0aNovela brasileña913650 4aLiteratura brasileña9823 aValidado. Control de calidad MFF 001050718MOaGRbGRcHDd2011-03-29iLF1l0oB863. 5 V931mp27060-10r2020-06-25w2020-06-25y1ZNo se presta c26552d26552